| 000 | 00851nam a2200289Ia 4500 | ||
|---|---|---|---|
| 001 | dia_5156 | ||
| 003 | CHAP | ||
| 005 | 20251027152029.0 | ||
| 008 | 220117s1991 xx 000 0 und d | ||
| 010 | _a176016 | ||
| 020 | _a970-10-0004-8 | ||
| 040 | _cCHAP | ||
| 082 | _a512 A97 1991 | ||
| 100 |
_aAyres, Frank _99021 |
||
| 245 |
_aEcuaciones diferenciales / _c Frank Ayres Jr. ; traducción Tomás Gómez de Dios |
||
| 260 |
_aMéxico : _b McGraw-Hill, _c1991 |
||
| 300 | _a296 p. | ||
| 440 |
_aSerie Schaum _9105030 |
||
| 503 | _aC/e | ||
| 590 | _aQA371 A97 1991 | ||
| 650 |
_aEcuaciones diferenciales _xProblemas, ejercicios, etc. _9150200 |
||
| 700 |
_aGómez de Dios, Tomás, tr. _9150201 |
||
| 901 | _a512 A97 1991 | ||
| 902 | _aA | ||
| 905 | _a5232271991 mx m 8222223322spa16 | ||
| 942 |
_cLIBRO _2ddc |
||
| 999 |
_c176016 _d176016 |
||